000 00197 a2200097 4500
001 4064
100 _aKermode, A C
245 _aAeriokabe structure
260 _a
_bPitman
_c
090 _c3283
_d3283
942 _aNUST-CAE
_cM
_c25369
999 _c239137
_d239137